Top 10 NBA Win Share Per Decade - Statistics

General Stats
  • This quiz has been taken 528 times
    134 since last reset
  • The average score is 47 of 80
Answer Stats
Decade Player PTS % Correct
2010s LeBron James 141.8
96%
2010s Stephen Curry 102.9
96%
2020s Nikola Jokić 103.8
93%
2010s DeAndre Jordan 82.2
92%
2010s Kevin Durant 131.5
92%
1990s Michael Jordan 131.1
92%
2020s Giannis Antetokounmpo 72.5
89%
2020s James Harden 68.3
89%
2010s James Harden 121.9
89%
2000s Kobe Bryant 123.2
88%
1960s Jerry West 107.5
87%
1980s Magic Johnson 120.3
87%
2000s Shaquille O'Neal 100.4
87%
2020s Luka Dončić 61.7
86%
2000s Tim Duncan 129.9
86%
1980s Larry Bird 124.2
85%
1990s Scottie Pippen 98.0
84%
1990s Karl Malone 146.9
83%
1980s Moses Malone 115.7
83%
1980s Kareem Abdul-Jabbar 97.4
82%
1970s Kareem Abdul-Jabbar 176.0
82%
2010s Russell Westbrook 95.0
82%
2020s Shai Gilgeous-Alexander 72.1
82%
1960s Wilt Chamberlain 198.3
82%
1990s John Stockton 120.6
81%
1960s Bill Russell 133.1
80%
2010s Chris Paul 116.2
80%
2020s Jayson Tatum 55.0
80%
1990s David Robinson 137.8
79%
1990s Hakeem Olajuwon 100.3
76%
2000s Kevin Garnett 131.8
75%
1950s Bob Cousy 64.5
74%
2000s Dirk Nowitzki 137.1
74%
2000s Steve Nash 95.2
73%
1960s Bob Pettit 74.1
70%
1960s Oscar Robertson 142.8
68%
1980s Kevin McHale 87.3
67%
1990s Charles Barkley 112.2
66%
2020s Jarrett Allen 61.3
66%
1970s John Havlicek 85.7
66%
1990s Patrick Ewing 92.6
66%
2000s Ray Allen 96.0
66%
2000s Paul Pierce 99.4
62%
1960s Elgin Baylor 86.0
61%
1950s George Mikan 87.8
61%
2020s Jimmy Butler 63.2
61%
1980s Robert Parish 91.0
60%
2010s Dwight Howard 76.7
56%
1970s Elvin Hayes 92.2
55%
1970s Walt Frazier 97.4
53%
1970s Wes Unseld 85.4
52%
1970s Bob McAdoo 75.5
51%
1960s Sam Jones 84.9
48%
1950s Dolph Schayes 118.9
47%
1990s Reggie Miller 110.8
47%
2000s Chauncey Billups 95.3
46%
1970s Dave Cowens 78.3
46%
1950s Paul Arizin 83.6
45%
2020s Rudy Gobert 71.9
43%
2010s LaMarcus Aldridge 87.9
39%
1960s Hal Greer 83.3
36%
2020s Domantas Sabonis 57.9
35%
2010s Kyle Lowry 79.1
34%
1980s Adrian Dantley 103.4
31%
1950s Bill Sharman 69.5
31%
1980s Sidney Moncrief 88.5
26%
1970s Bob Lanier 87.3
25%
1950s Neil Johnston 92.0
25%
2000s Shawn Marion 99.3
24%
1960s Walt Bellamy 96.1
22%
1980s Jack Sikma 89.8
19%
1950s Ed Macauley 100.4
18%
1980s Maurice Cheeks 82.8
18%
1950s Vern Mikkelsen 83.4
18%
1970s Bob Dandridge 78.1
15%
1970s Calvin Murphy 68.7
9%
1950s Larry Foust 68.1
9%
1960s Bailey Howell 106.7
7%
1990s Detlef Schrempf 91.1
7%
1950s Harry Gallatin 75.6
7%
No matching quizzes found
Score Distribution
Percent of People with Each Score
Percentile by Number Answered
Your Score History
You have not taken this quiz since the last reset